000 00758cab a2200241 4500
001 ABS49408
008 090401t1992 xxu||||| |||| 00| 0 eng d
035 _a(Sirsi) u71119
041 _aeng
245 _aHard landscaping & street furniture
260 _c1992
350 _a0
490 _aArchitects` Journal
_v198(9) 8 September 1992, 35-41(5)
520 _aUrges long-term planning, good design and the encouragement of quality craftmanship and materials in the improvement of British streets. Draws comparisons with Continental practice.
650 _aHARD LANDSCAPING
650 _aLANDSCAPING
650 _aPAVEMENTS
650 _aPAVING
650 _aSTREET FURNITURE
690 _aURBAN RENEWAL
942 _n0
948 _c04/03/1997
999 _c44802
_d44802